Mulan-reflection (all lyrics) - Statistics

General Stats
  • This quiz has been taken 293 times
  • The average score is 77 of 89
Answer Stats
Hint Answer % Correct
I
100%
I
100%
I
100%
I
100%
I
100%
I
100%
I
100%
I
100%
I
100%
I
100%
a
99%
a
99%
Chorus Who
98%
who
98%
who
98%
who
98%
me
97%
me
97%
at
96%
at
96%
reflection
95%
reflection
95%
reflection
95%
my
94%
my
94%
my
94%
my
94%
see
94%
see
94%
am
93%
am
93%
am
93%
girl
93%
is
92%
is
92%
that
92%
that
92%
will
91%
will
91%
will
91%
Staring
90%
straight
90%
back
89%
Verse Look
89%
When
89%
When
89%
be
88%
be
88%
show
88%
show
88%
inside
87%
inside
87%
know
84%
never
84%
Can
83%
daughter
83%
don't
83%
perfect
83%
perfect
83%
Why
83%
it
82%
or
82%
someone
82%
to
82%
to
82%
bride
80%
for
78%
I'm
76%
this
76%
not
75%
pass
75%
if
74%
meant
74%
part
74%
break
73%
play
73%
would
73%
heart
72%
Now
72%
tried
72%
family's
71%
I've
71%
myself
71%
though
71%
truly
71%
Somehow
69%
cannot
68%
hide
68%
were
68%
No matching quizzes found
Score Distribution
Percent of People with Each Score
Percentile by Number Answered
Your Score History
You have not taken this quiz